Azylák /

Uloženo v:
Hlavní autor: Formánek, Vítek, 1963- (Autor)
Médium: Kniha
Jazyk:Czech
Vydáno: V Ústí nad Labem : AOS Publishing, 2025
Vydání:Vydání první
Témata:
Celkem bylo vypůjčeno:0x
Tagy:
Žádné tagy
LEADER 02071nam a2200529 i 4500
001 106418
003 CZ PrNK
005 20260602072109.0
007 ta
008 251023s2025 xr a g 000 0acze
015 |a cnb003716392 
020 |a 9788087624982  |q (brožováno) 
040 |a BOA001  |b cze  |d ABA001  |e rda 
072 7 |a 364-1/-7  |x Druhy sociální pomoci a služeb  |2 Konspekt  |9 18 
072 7 |a 929  |x Biografie  |2 Konspekt  |9 8 
080 |a 364-46  |2 MRF 
080 |a 364-7  |2 MRF 
080 |a 364-56  |2 MRF 
080 |a 364.682.42  |2 MRF 
080 |a 929  |2 MRF 
080 |a (437.3)  |2 MRF 
080 |a (0:82-94)  |2 MRF 
100 1 |a Formánek, Vítek,  |d 1963-  |7 ola2003188696  |4 aut  |9 117388 
245 1 0 |a Azylák /  |c Vítek Formánek 
250 |a Vydání první 
264 1 |a V Ústí nad Labem :  |b AOS Publishing,  |c 2025 
300 |a 166 stran :  |b ilustrace ;  |c 21 cm 
336 |a text  |b txt  |2 rdacontent 
337 |a bez média  |b n  |2 rdamedia 
338 |a svazek  |b nc  |2 rdacarrier 
600 1 7 |a Formánek, Vítek,  |d 1963-  |7 ola2003188696  |2 czenas  |9 117388 
648 7 |a 2011-2030  |7 ch1138626  |2 czenas 
650 0 7 |a pracovníci v sociálních službách  |7 ph1150273  |y 2011-2030  |z Česko  |2 czenas 
650 0 7 |a sociální služby  |7 ph125812  |y 2011-2030  |z Česko  |2 czenas 
650 0 7 |a azylové domy  |7 ph166381  |y 2011-2030  |z Česko  |2 czenas 
650 0 7 |a bezdomovectví  |7 ph195455  |y 2011-2030  |z Česko  |2 czenas 
650 0 9 |a social service personnels  |y 2011-2030  |z Czechia  |2 eczenas 
650 0 9 |a social service  |y 2011-2030  |z Czechia  |2 eczenas 
650 0 9 |a sanctuary houses  |y 2011-2030  |z Czechia  |2 eczenas 
650 0 9 |a homelessness  |y 2011-2030  |z Czechia  |2 eczenas 
655 7 |a autobiografické vzpomínky  |7 fd131854  |2 czenas  |9 53458 
655 9 |a autobiographical reminiscences  |2 eczenas 
710 2 |a AOS Publishing (nakladatelství)  |7 xx0214874  |4 pbl  |9 117389 
910 |a UOG502 
942 |2 ddc  |c KN 
999 |d 106418 
993 |0 0  |1 421180107132  |2 ddc  |4 0  |6 36_000000000000000  |7 0  |9 99839  |b 0  |c 107132  |d 2026-06-02  |e 0  |f DOSP  |g 36  |h 299.00  |i Koupě  |l DOSP  |r 2026-06-02  |t 5  |w 2026-06-02  |y KN  |z NAUCNA  |n